000 00675nam a2200289Ia 4500
005 20260324120008.0
008 008 260324s9999 xx 000 0 eng d
020 _a9781003103622
037 _aEBOOK
040 _aCRL
040 _beng
040 _cCRL
041 _2eng
041 _aeng
084 _qCRL
100 _aAnnebella Pollen
_91156810
245 0 _aMass Photography
245 0 _bCollective Histories of Everyday Life
260 _bTaylor and Francis
260 _c2015
365 _a
365 _b180
856 _uhttp://www.taylorfrancis.com/books/9781003103622
942 _cEBOOK
999 _c1748092
_d1748092